Pierre Bourdieus Theorie der Praxis: Analyse und Kritik der konzeptionellen Grundlegung einer praxeologischen Soziologie

Bourdieus praxeologischer Ansatz versteht sich als umfassender Versuch einer Erklärung des sozialen Handelns von universeller Gültigkeit für die Lebenswelt des Individuums wie interaktiv institutionalisierte Tätigkeitsbereiche. Metatheoretische Überlegungen, das Programm einer "Soziologie der S...

Full description

Saved in:  
Bibliographic Details
Main Author: Janning, Frank 1964- (Author)
Format: Print Book
Language:German
Published: Opladen Westdt. Verl 1991
In: Studien zur Sozialwissenschaft (105)
Year: 1991
Online Access: Table of Contents
Table of Contents
Availability in Tübingen:Present in Tübingen.
IFK: O II 354
Check availability: HBZ Gateway
Subito Delivery Service: Order now.
Keywords:

MARC

LEADER 00000cam a2200000 c 4500
001 026350203
003 DE-627
005 20260206205027.0
007 tu
008 910718s1991 gw ||||| 00| ||ger c
015 |a 91,A37,0208  |2 dnb 
016 7 |a 910711488  |2 DE-101 
020 |a 3531122312  |9 3-531-12231-2 
035 |a (DE-627)026350203 
035 |a (DE-603)016453840 
035 |a (DE-576)022963510 
035 |a (DE-599)GBV026350203 
035 |a (OCoLC)26075815 
035 |a (OCoLC)231173427 
035 |a (OCoLC)231173427 
035 |a (OCoLC)311549254 
035 |a (DE-604)8043748015 
040 |a DE-627  |b ger  |c DE-627  |e rakwb 
041 |a ger 
044 |c XA-DE 
082 0 |a 301/.01  |q OCLC 
082 0 |a 301/.01 20 
082 0 |a 301.01  |q LoC  |2 DDC20oclc 
082 0 4 |a 10  |q dnb 
084 |a S 45  |a S 55 BOUR  |2 sfb 
084 |a 14  |2 sdnb 
084 |a 14  |2 sdnb 
084 |a 14  |a 10  |2 sdnb 
084 |a MR 5100  |2 rvk  |0 (DE-625)rvk/123510: 
084 |a MS 6950  |2 rvk  |0 (DE-625)rvk/123772: 
084 |a MQ 3071  |2 rvk  |0 (DE-625)rvk/123426:11634 
084 |a CI 5571  |2 rvk  |0 (DE-625)rvk/18481:11798 
084 |a MR 4000  |2 rvk  |0 (DE-625)rvk/123508: 
084 |a MR 1100  |2 rvk  |0 (DE-625)rvk/123485: 
084 |a MQ 3070  |2 rvk  |0 (DE-625)rvk/123426:11633 
084 |a 71.02  |2 bkl 
100 1 |a Janning, Frank  |d 1964-  |0 (DE-588)112839398  |0 (DE-627)656362979  |0 (DE-576)167375822  |4 aut 
109 |a Janning, Frank 1964- 
245 1 0 |a Pierre Bourdieus Theorie der Praxis  |b Analyse und Kritik der konzeptionellen Grundlegung einer praxeologischen Soziologie  |c Frank Janning 
264 1 |a Opladen  |b Westdt. Verl  |c 1991 
300 |a 229 S 
336 |a Text  |b txt  |2 rdacontent 
337 |a ohne Hilfsmittel zu benutzen  |b n  |2 rdamedia 
338 |a Band  |b nc  |2 rdacarrier 
490 1 |a Studien zur Sozialwissenschaft  |v 105 
500 |a Literaturverz. S. 216 - 229 
505 8 |a Bibliogr. u. Literaturverz. S. 216 - 229 
520 |a Bourdieus praxeologischer Ansatz versteht sich als umfassender Versuch einer Erklärung des sozialen Handelns von universeller Gültigkeit für die Lebenswelt des Individuums wie interaktiv institutionalisierte Tätigkeitsbereiche. Metatheoretische Überlegungen, das Programm einer "Soziologie der Soziologie" und der Entwurf einer realistisch-utopiekritischen Gesellschaftstheorie verdichten sich zu einer Reflexionsbemühung von hoher Komplexität und großer Relevanz , obgleich - und dies zeigt die Studie anhand der Nachzeichnung der Bourdieuschen Argumentationsstränge - die "Theorie der Praxis" die erhobenen Ansprüche und Zielvorgaben selbst nicht voll einlösen kann. 
583 1 |a Archivierung/Langzeitarchivierung gewährleistet  |f SLG  |x XA-DE-NI  |z Bücherarchiv der GWV-Verlage  |2 pdager  |5 DE-84 
583 1 |a Archivierung/Langzeitarchivierung gewährleistet  |f SLG  |z Frankreichforschung  |2 pdager  |5 DE-77 
600 1 4 |a Bourdieu, Pierre 
650 4 |a Wissenschaftstheorie 
650 4 |a Soziologische Theorie 
650 4 |a Praxis 
650 4 |a Soziologie 
650 4 |a Feldtheorie, Wissenssoziologie, Strukturanalyse, Gesellschaftstheorie, Praxis 
689 0 0 |d p  |0 (DE-588)118810758  |0 (DE-627)198371527  |0 (DE-576)16038723X  |a Bourdieu, Pierre  |d 1930-2002  |2 gnd 
689 0 1 |d s  |0 (DE-588)4077624-4  |0 (DE-627)104152036  |0 (DE-576)209205849  |a Soziologie  |2 gnd 
689 0 2 |d s  |0 (DE-588)4047068-4  |0 (DE-627)106195859  |0 (DE-576)209072113  |a Praxis  |2 gnd 
689 0 |5 DE-101 
830 0 |a Studien zur Sozialwissenschaft  |v 105  |9 105  |w (DE-627)129299693  |w (DE-576)014492334  |w (DE-600)121835-9  |7 am 
856 4 2 |u http://www.gbv.de/dms/hebis-darmstadt/toc/16453840.pdf  |m V:DE-603  |m B:DE-17  |q pdf/application  |x Verlag  |y Inhaltsverzeichnis  |3 Inhaltsverzeichnis  |7 1 
856 4 2 |u http://scans.hebis.de/HEBCGI/show.pl?01645384_toc.pdf  |m V:DE-603;B:DE-17  |q application/pdf  |3 Inhaltsverzeichnis  |7 1 
889 |w (DE-627)1754080847 
935 |a MZFRA 
935 |i mdedup 
935 |i Blocktest 
935 |h HEB  |i 0501 
935 |h HEB  |i 0503 
936 r v |a MR 5100  |b Allgemeine Darstellungen (Reader in modern Theory)  |k Soziologie  |k Sozialwissenschaftliche Theorien und Methoden  |k Jüngere soziologische Theorie  |k Allgemeine Darstellungen (Reader in modern Theory)  |0 (DE-627)1271305135  |0 (DE-625)rvk/123510:  |0 (DE-576)201305135 
936 r v |a MS 6950  |b Allgemeines (Wissenschaft und Gesellschaft, Informationsgesellschaft)  |k Soziologie  |k Spezielle Soziologien  |k Wissenssoziologie  |k Allgemeines (Wissenschaft und Gesellschaft, Informationsgesellschaft)  |0 (DE-627)1271441543  |0 (DE-625)rvk/123772:  |0 (DE-576)201441543 
936 r v |a MQ 3071  |b Sekundärliteratur  |k Soziologie  |k Einführung und Geschichte  |k Einzelne Autoren  |k Autoren B  |k Bourdieu, Pierre  |k Sekundärliteratur  |0 (DE-627)1396419640  |0 (DE-625)rvk/123426:11634  |0 (DE-576)326419640 
936 r v |a CI 5571  |b Sekundärliteratur  |k Philosophie  |k Geschichte der Philosophie  |k Geschichte der Philosophie des Abendlandes von Antike bis 20. Jahrhundert  |k Philosophie des 20. Jahrhunderts  |k Frankreich und französischsprachige Länder sowie Rumänien  |k Autoren  |k Bourdieu, Pierre  |k Sekundärliteratur  |0 (DE-627)1323814876  |0 (DE-625)rvk/18481:11798  |0 (DE-576)253814871 
936 r v |a MR 4000  |b Klassiker der Soziologie (ältere soziologische Theorie)  |k Soziologie  |k Sozialwissenschaftliche Theorien und Methoden  |k Klassiker der Soziologie (ältere soziologische Theorie)  |0 (DE-627)1270821067  |0 (DE-625)rvk/123508:  |0 (DE-576)200821067 
936 r v |a MR 1100  |b Sozialwissenschaftliche Methodologie und Methodenkritik  |k Soziologie  |k Sozialwissenschaftliche Theorien und Methoden  |k Wissenschaftstheorie und Erkenntnistheorie  |k Sozialwissenschaftliche Methodologie und Methodenkritik  |0 (DE-627)127142746X  |0 (DE-625)rvk/123485:  |0 (DE-576)20142746X 
936 r v |a MQ 3070  |b Primärliteratur  |k Soziologie  |k Einführung und Geschichte  |k Einzelne Autoren  |k Autoren B  |k Bourdieu, Pierre  |k Primärliteratur  |0 (DE-627)1396419616  |0 (DE-625)rvk/123426:11633  |0 (DE-576)326419616 
936 b k |a 71.02  |j Theorie der Soziologie  |0 (DE-627)106416189 
936 s n |a c100  |2 mzub 
936 s n |a m200  |2 mzub 
951 |a BO 
ELC |b 1 
LOK |0 000 xxxxxcx a22 zn 4500 
LOK |0 001 3350040543 
LOK |0 003 DE-627 
LOK |0 004 026350203 
LOK |0 005 20020607000000 
LOK |0 008 930514||||||||||||||||ger||||||| 
LOK |0 040   |a DE-21-110  |c DE-627  |d DE-21-110 
LOK |0 852   |a DE-21-110 
LOK |0 852 1  |c O II 354  |m p  |9 00 
LOK |0 935   |a k110 
LOK |0 936ln  |a 7.1 
LOK |0 938   |k p 
LOK |0 939   |a 14-05-93  |b l01 
ORI |a SA-MARC-krimdoka001.raw 
SIG |a IFK: O II 354